Tìm hiểu chế độ ruộng đất Việt Nam nửa đầu thế kỷ XIX

Zapisane w:
Opis bibliograficzny
1. autor: Vũ Huy Phúc
Format: Książka
Język:Undetermined
Wydane: Hà Nội KHXH 1979
Hasła przedmiotowe:
Etykiety: Dodaj etykietę
Nie ma etykietki, Dołącz pierwszą etykiete!
Thư viện lưu trữ: Trung tâm Học liệu Trường Đại học Cần Thơ
LEADER 00569nam a2200169Ia 4500
001 CTU_11030
008 210402s9999 xx 000 0 und d
082 |a 959.7 
082 |b Ph506 
100 |a Vũ Huy Phúc 
245 0 |a Tìm hiểu chế độ ruộng đất Việt Nam nửa đầu thế kỷ XIX 
245 0 |c Vũ Huy Phúc 
260 |a Hà Nội 
260 |b KHXH 
260 |c 1979 
650 |a land tenure - law,land use, rural - vietnam,vietnam - history - 19th century 
980 |a Trung tâm Học liệu Trường Đại học Cần Thơ